| 000 | nam a22 a 4500 | ||
|---|---|---|---|
| 999 |
_c2929 _d2929 |
||
| 005 | 20170518162703.0 | ||
| 008 | 170518b1985 xxu||||| |||| 00| 0 eng d | ||
| 020 | _a0673155102 | ||
| 040 | _aAKMAL | ||
| 082 | _a658 REI | ||
| 090 |
_a658 _bREI |
||
| 245 |
_aManaging / _cH. Joseph Reitz |
||
| 260 |
_aLondon _bScott, Foresman and Company _c1985 |
||
| 300 |
_a597 p. _ccm |
||
| 942 |
_2ddc _cBOOK |
||